| 000 | 00997nam0a2200337 4500 | ||
|---|---|---|---|
| 001 | RU\NLR\bibl\135583 | ||
| 005 | 20250618043103.0 | ||
| 010 |
_a5-222-01035-Х _910000 |
||
| 021 |
_aRU _b2000-35947 _91663 |
||
| 035 | _a(NLR Aleph) 000132821 | ||
| 090 |
_a758978 _c758978 |
||
| 100 | _a20010205d2000 |||y0rusy50 ca | ||
| 101 | 0 | _arus | |
| 102 | _aRU | ||
| 105 | _aa ||||||||| | ||
| 200 | 1 |
_aДетские страшилки _f[Авт.-сост. Е. Троицкий] |
|
| 210 |
_aРостов н/Д _cФеникс _d2000 |
||
| 215 |
_a221,[2] с. _cил. _d21 |
||
| 225 | 1 | _aСерия "Золотая цепь" | |
| 675 |
_a821.161.1-7 _v3 _zrus |
||
| 686 |
_a17.82 _2rugasnti |
||
| 686 |
_a82.3(2Рос=Рус)-6 _2rubbk |
||
| 686 | _aШ9(2)60=Р7-4 | ||
| 702 | 1 |
_aТроицкий _bЕ. _4220 |
|
| 801 | 0 |
_aRU _bRKP _c20010205 _gPSBO |
|
| 801 | 1 |
_aRU _bRKP _c20010205 |
|
| 801 | 2 |
_aRU _bNLR _c20010306 _grcr |
|
| 942 | _cBOOK | ||
| 980 | _aNB | ||